MDQL
is popping MORE tags! Check the
thread
!
Quizzes
Events
Quiz Creation
Community
Videos
Private Events
Remove Ads
Sign In
Join for FREE
Feedback
Dark Mode
Quiz Categories
Sports
Geography
Music
Movies
Television
Just For Fun
Miscellaneous
History
Literature
Language
Science
Gaming
Entertainment
Religion
Holiday
For Kids
Quiz Lab
Recent
Popular Today
Quiz Kudos Today
Editor Picks
Curator Picks
Quizzes by...
Day
Popularity
Type
Ratings
Length
Year
Community
Subscriptions
Recent Discussions
Orange Saloon
Badges
Playlists
Quests
Create
Leaderboards
Showdown
Live 5
Trivia Bingo
Activity
Puzzle Library
Sporcle Events
Private Events
Virtual Trivia
Globe League
Become a Host
Pub Owners
SporcleCon
Opinionation
Our Games
Videos
Blog
Mobile Apps
Partnerships
Remove Ads and Go Orange
Feedback
Movies
Disney
Marvel Cinematic Universe
Movie Resume
Movie Titles
Oscar
Actor
Actress
Director
Pixar
Role
Movie Quotes
Movie Characters
Box Office
Nominee
Best Picture
Star Wars
James Bond
Horror Movies
Movies
Disney
Marvel Cinematic Universe
Movie Resume
Movie Titles
Oscar
Actor
Actress
Director
Pixar
Role
Movie Quotes
Movie Characters
Box Office
Nominee
Best Picture
Star Wars
James Bond
Horror Movies
Random Quiz
Search Sporcle
×
Quiz Lab
Quiz Lab
Movies
Cast
Type in answers that appear in a list
Type in answers that appear in a list
Classic
Best Score? Go Orange.
Paul Thomas Anderson Movie Casts Stats
Can you name the Paul Thomas Anderson Movie Casts?
By
StreakingBanana
8m
62 Questions
376 Plays
376 Plays
376 Plays
Comments
Comments
Give Quiz Kudos
Give Quiz Kudos
-
- Ratings
hide this ad
Replay
Link that replays current quiz
Next Quiz
Link to next quiz in quiz playlist
You Got
0%
They Got
Avg Score
54%
Avg Friend Score
Upgrade to see
Score Distribution
Jump to the score distribution portion of the page
Score
0/62
Timer
08:00
0
Plays Today
Movie
Answer
% Correct
Hard Eight (1996)
Philip Seymour Hoffman
98.9%
Boogie Nights (1997)
Philip Seymour Hoffman
98.9%
Magnolia (1999)
Philip Seymour Hoffman
98.9%
Punch-
Drunk Love (2002)
Philip Seymour Hoffman
98.9%
The Master (2012)
Philip Seymour Hoffman
98.9%
Phantom Thread (2017)
Daniel Day-Lewis
98.1%
Boogie Nights (1997)
Mark Wahlberg
95.7%
There Will Be Blood (2007)
Daniel Day-Lewis
95.7%
Boogie Nights (1997)
Julianne Moore
94.7%
Magnolia (1999)
Julianne Moore
94.7%
The Master (2012)
Joaquin Phoenix
92.8%
Magnolia (1999)
Tom Cruise
90.7%
Punch-
Drunk Love (2002)
Adam Sandler
89.9%
Hard Eight (1996)
John C. Reilly
88.3%
Boogie Nights (1997)
John C. Reilly
88.3%
Magnolia (1999)
John C. Reilly
88.3%
Boogie Nights (1997)
Burt Reynolds
87.8%
The Master (2012)
Amy Adams
86.2%
There Will Be Blood (2007)
Paul Dano
83%
Boogie Nights (1997)
William H. Macy
82.4%
Magnolia (1999)
William H. Macy
82.4%
Inherent Vice (2014)
Joaquin Phoenix
80.1%
Boogie Nights (1997)
Heather Graham
76.9%
Hard Eight (1996)
Philip Baker Hall
72.3%
Boogie Nights (1997)
Philip Baker Hall
72.3%
Magnolia (1999)
Philip Baker Hall
72.3%
Inherent Vice (2014)
Josh Brolin
71.1%
Boogie Nights (1997)
Don Cheadle
71%
Punch-
Drunk Love (2002)
Emily Watson
60.4%
Inherent Vice (2014)
Owen Wilson
58.9%
Hard Eight (1996)
Gwyneth Paltrow
58%
Movie
Answer
% Correct
Phantom Thread (2017)
Lesley Manville
57.9%
Boogie Nights (1997)
Luis Guzman
57.2%
Magnolia (1999)
Luis Guzman
57.2%
Punch-
Drunk Love (2002)
Luis Guzman
57.2%
Hard Eight (1996)
Samuel L. Jackson
56.1%
Phantom Thread (2017)
Vicky Krieps
51.4%
Magnolia (1999)
Jason Robards
50.5%
Inherent Vice (2014)
Reese Witherspoon
50.5%
Boogie Nights (1997)
Alfred Molina
47.1%
Magnolia (1999)
Alfred Molina
47.1%
Inherent Vice (2014)
Benicio Del Toro
43.7%
Inherent Vice (2014)
Martin Short
43.7%
Boogie Nights (1997)
Melora Walters
43.1%
Hard Eight (1996)
Melora Walters
43.1%
Magnolia (1999)
Melora Walters
43.1%
Inherent Vice (2014)
Katherine Waterson
39.5%
Magnolia (1999)
Thomas Jane
39.1%
Boogie Nights (1997)
Thomas Jane
39.1%
Inherent Vice (2014)
Maya Rudolph
31.6%
Inherent Vice (2014)
Jena Malone
31.1%
The Master (2012)
Laura Dern
30.6%
Boogie Nights (1997)
Ricky Jay
29.8%
Magnolia (1999)
Ricky Jay
29.8%
There Will Be Blood (2007)
Ciarin Hinds
20.7%
Boogie Nights (1997)
Nina Hartley
19.1%
Boogie Nights (1997)
Nicole Ari Parker
17%
There Will Be Blood (2007)
Kevin J. O'Connor
16.5%
The Master (2012)
Kevin J. O'Connor
16.5%
Magnolia (1999)
Felicity Huffman
14.4%
Phantom Thread (2017)
Camilla Rutherford
10.3%
There Will Be Blood (2007)
Dillon Freasier
8.8%
Quiz Playlist
Details
Report
Send in Message
Add To Playlist
Classic:
Type in answers that appear in a list
Quiz Source
Last Updated: Feb 16, 2017
Quiz Scoreboard
CHALLENGE
Sign Up to Join the Scoreboard
Show All
Scores
Hide
Comments
May contain spoilers
Recently Published
Holiday 10x10 Sorting Gallery
by lukepisani3
Holiday
15m
Two Season TV Shows II
by 123Four
Television
10m
Image Sorting: Flags VI
by Barbecue
Geography
2m
More to Explore
Quiz From the Vault
Featured Blog Post
14 Easter Pick-up Lines to Find Eggs With
hide this ad
You Might Also Like...
Tags
Cast Quiz
Anderson
Anderson Movie
Character
paul
Paul Thomas
thomas
Today's Top Quizzes in Movies
Browse Movies
hide this ad
Today's Top Quizzes in Cast
Browse Cast
Top Contributed Quizzes in Movies
1
The ultimate James Bond movie quiz
2
Find The 'Big' Movie
3
Find The 'Wild' Movie
4
Find The 'Blue' Movie
5
Movies By Plot
6
Hidden Star Wars Character II
7
Hidden Star Wars Character III
8
25 Best Actor Nominees (1990s)
9
Hidden Star Wars Character IV
10
Pick 5 Posters: Directed by Spielberg
Explore More
Trending Topics
Anime
Marvel
Disney
Kpop
NBA
Harry Potter
Crossword
NFL
Country
Soccer
Puzzle
WWE
Song
Pokémon
The Office
hide this ad
More By:
StreakingBanana
Quiz
Plays
Rating
Category
Featured
Created
Quentin Tarantino Movie Casts
394
4.60
Movies
Apr 12, 2014
Paul Thomas Anderson Movie Casts
376
3.50
Movies
Apr 12, 2014
Wes Anderson Movie Casts
301
4.00
Movies
Apr 12, 2014
Coen Brothers Movie Casts
283
4.40
Movies
Apr 13, 2014
David O. Russell Movie Casts
191
4.33
Movies
Apr 12, 2014
Go to Creator's Profile
Score Distribution
Quiz Creator Spotlight
StreakingBanana
Follow
Send a Message
Quizzes Created
-
Created Quiz Play Count
-
More By This Creator
Popular Quizzes Today
1
Find the US States - No Outlines Minefield
2
Colored Red Africa Blitz
3
Find the 'City' Movie
4
The Countries of the World
5
5x2 Blitz: Bands
6
Find the Countries of Europe - No Outlines Minefield
7
Find the US States
8
US States
More Movies Quizzes
2-Word '90s Movies
Published
Trending Quizzes
Colored Red Europe Blitz I
Colored Red Europe Blitz II
Colored Red Africa Blitz II
Even More Two Season TV Shows
Colored Red Africa Blitz III
Recently Updated
Odd Team Out - Big 4 Players
pecheneg
Quick Pick: 20 Twenties
pecheneg
March Madness Men's Triple Doubles
pecheneg
How Do You Spell That?
pecheneg
Godzilla Movies
pecheneg
Grab Bag: 4-10 Letters
pecheneg
2024 March Madness Bracket
pecheneg
Famous TV Couples
Peacemaker
Champions League XIs: Real Madrid
pecheneg
Largest US Cities 1790-2010
pecheneg
Trending Topics
Harry Potter
Marvel
Disney
Crossword
Kpop
Anime
NBA
NFL
WWE
Song
Puzzle
Country
Soccer
The Office
Pokémon
Your Account Isn't Verified!
In order to create a playlist on Sporcle, you need to verify the email address you used during registration. Go to your
Sporcle Settings
to finish the process.
Report this User
Report this user for behavior that violates our
Community Guidelines
.
Details:
Send Report
Go to the Sporcle.com Mobile Site →
Comments